Online
Catalog

Psicología social y sus aplicaciones : (Record no. 60030)

MARC details
000 -CABECERA
campo de control de longitud fija 02239nam a2200373 i 4500
003 - IDENTIFICADOR DEL NÚMERO DE CONTROL
campo de control DO-SdBNP
005 - FECHA Y HORA DE LA ÚLTIMA TRANSACCIÓN
campo de control 20260116105540.0
007 - CAMPO FIJO DE DESCRIPCIÓN FÍSICA--INFORMACIÓN GENERAL
campo de control de longitud fija ta
008 - DATOS DE LONGITUD FIJA--INFORMACIÓN GENERAL
campo de control de longitud fija 251112b1997 dr ||||| |||| 00| 0 spa d
040 ## - FUENTE DE LA CATALOGACIÓN
Centro catalogador/agencia de origen DO-SdBNP
Lengua de catalogación spa
Centro/agencia transcriptor BNPHU
Normas de descripción rda
041 ## - CÓDIGO DE LENGUA
Código de lengua del texto/banda sonora o título independiente spa
082 #4 - NÚMERO DE LA CLASIFICACIÓN DECIMAL DEWEY
Número de clasificación 302
Número de documento/Ítem M516p
Número de edición 22
100 1# - ENTRADA PRINCIPAL--NOMBRE DE PERSONA
Nombre de persona Mejía-Ricart G., Tirso,
Fechas asociadas al nombre 1936-2021
Forma completa/desarrollada del nombre (Mejía-Ricart Guzmán)
Término indicativo de función/relación autor
Código de función/relación aut.
9 (RLIN) 1569
245 10 - MENCIÓN DE TÍTULO
Título Psicología social y sus aplicaciones :
Resto del título psicología social básica /
Mención de responsabilidad, etc. Tirso Mejía Ricart.
264 #1 - PRODUCCIÓN, PUBLICACIÓN, DISTRIBUCIÓN, FABRICACIÓN Y COPYRIGHT
Producción, publicación, distribución, fabricación y copyright Santo Domingo
Nombre del de productor, editor, distribuidor, fabricante Universidad Autónoma de Santo Domingo,
Fecha de producción, publicación, distribución, fabricación o copyright 1997.
300 ## - DESCRIPCIÓN FÍSICA
Extensión volumen ;
Dimensiones 23 cm.
336 ## - TIPO DE CONTENIDO
Término de tipo de contenido texto
Código de tipo de contenido txt
Fuente rdacontent
337 ## - TIPO DE MEDIO
Nombre/término del tipo de medio sin mediación
Código del tipo de medio n
Fuente rdamedia
338 ## - TIPO DE SOPORTE
Nombre/término del tipo de soporte volumen
Código del tipo de soporte nc
Fuente rdacarrier
490 1# - MENCIÓN DE SERIE
Mención de serie Publicaciones ded la Universidad Autónoma de santo Domingo;
Designación de volumen o secuencia 769
490 1# - MENCIÓN DE SERIE
Mención de serie Colección salud y sociedad
Designación de volumen o secuencia 21
500 ## - NOTA GENERAL
Nota general Incluye índice
500 ## - NOTA GENERAL
Nota general Incluye datos biográficos del autor en las solapas
504 ## - NOTA DE BIBLIOGRAFÍA, ETC.
Nota de bibliografía, etc. Bibliografía : páginas 489
505 0# - NOTA DE CONTENIDO CON FORMATO
Nota de contenido con formato Perspectivas y recursos de la psicología social aplicada--
Título Las aplicaciones de la psicología social y sus metodos--
-- La dinámica de los grupos --
-- La psicología social aplicada a las artes y los servicios sociales --
-- Psicología del quehacer artístico--
-- Psicología social de la educación --
-- Psicología de la recreación y los deportes--
-- Psicología, calidad de vida y medio ambiente--
-- Salud, sociedad y comportamiento --
-- Psicología comunitaria--
-- Psicología comunitaria--
-- Psicología de la actividad económica y la gerencia--
-- Psicología de la gerencia--
-- Psicologia social en la industria y el comercio-
-- Psicologia del personal y relaciones del trabajo
-- La propaganda y la publicidad
-- Psicología política y jurídica--
-- La conducta política--
-- Psicología del conflicto y la negociación
-- Psicología juríca.
590 ## - NOTA LOCAL (RLIN)
Nota local Inventariado, 2025/BT
650 #4 - PUNTO DE ACCESO ADICIONAL DE MATERIA--TÉRMINO DE MATERIA
Término de materia o nombre geográfico como elemento de entrada Psicología social
9 (RLIN) 1574
650 #0 - PUNTO DE ACCESO ADICIONAL DE MATERIA--TÉRMINO DE MATERIA
Término de materia o nombre geográfico como elemento de entrada Psicología aplicada
9 (RLIN) 1579
650 #4 - PUNTO DE ACCESO ADICIONAL DE MATERIA--TÉRMINO DE MATERIA
Término de materia o nombre geográfico como elemento de entrada Actitud (Psicología)
9 (RLIN) 852
650 #4 - PUNTO DE ACCESO ADICIONAL DE MATERIA--TÉRMINO DE MATERIA
Término de materia o nombre geográfico como elemento de entrada Conducta colectiva
9 (RLIN) 12036
830 ## - PUNTO DE ACCESO ADICIONAL DE SERIE-TÍTULO UNIFORME
Título uniforme Publicaciones de la Univesidad Autónoma de Santo Domingo;
Designación de volumen o secuencia 769
Nombre de parte o sección de la obra Colección salud y sociedad
Número de parte o sección de la obra 21
9 (RLIN) 88784
910 ## - DATOS DE OPCIÓN DEL USUARIO (OCLC)
Datos de opción del usuario Validado. Control de calidad MFF
942 ## - ELEMENTOS DE PUNTO DE ACCESO ADICIONAL (KOHA)
Fuente del sistema de clasificación o colocación Dewey Decimal Classification
Tipo de ítem Koha Libro
Holdings
Estado de retiro Estado de pérdida Fuente del sistema de clasificación o colocación Restricciones de uso No para préstamo Código de colección Localización permanente Ubicación/localización actual Ubicación en estantería Fecha de adquisición Fuente de adquisición Total de préstamos Signatura topográfica completa Código de barras Fecha visto por última vez Número de copia Precio válido a partir de Tipo de ítem Koha
    Dewey Decimal Classification Excluido de préstamo   Patrimonio Dominicano Biblioteca Nacional Pedro Henríquez Ureña Biblioteca Nacional Pedro Henríquez Ureña Depósito 12.11.2025 Donado por FUNDI   BNPHU PD 302 M516p 2025-12977 12.11.2025 v.3 12.11.2025 Libro
    Dewey Decimal Classification Excluido de préstamo   Patrimonio Dominicano Biblioteca Nacional Pedro Henríquez Ureña Biblioteca Nacional Pedro Henríquez Ureña Depósito 12.11.2025 Donado por Ilonka Nacidit Perdomo   BNPHU PD 302 M516p 2025-12978 12.11.2025 v.3, e.2 12.11.2025 Libro

Powered by Koha